<?xml version="1.0" encoding="UTF-8"?>
<record
    xmlns:xsi="http://www.w3.org/2001/XMLSchema-instance"
    xsi:schemaLocation="http://www.loc.gov/MARC21/slim http://www.loc.gov/standards/marcxml/schema/MARC21slim.xsd"
    xmlns="http://www.loc.gov/MARC21/slim">

  <leader>00605cam a2200205 i 4500</leader>
  <controlfield tag="001">19154782</controlfield>
  <controlfield tag="005">20250224033151.0</controlfield>
  <controlfield tag="008">160628s2015    ce a          000 0 tamo </controlfield>
  <datafield tag="020" ind1=" " ind2=" ">
    <subfield code="a">9789555390224</subfield>
  </datafield>
  <datafield tag="040" ind1=" " ind2=" ">
    <subfield code="a">DLC</subfield>
    <subfield code="b">eng</subfield>
    <subfield code="e">rda</subfield>
    <subfield code="c">DLC</subfield>
    <subfield code="d">DLC</subfield>
  </datafield>
  <datafield tag="082" ind1=" " ind2=" ">
    <subfield code="2">6935</subfield>
    <subfield code="a">954.931</subfield>
    <subfield code="b">AKI</subfield>
  </datafield>
  <datafield tag="100" ind1="1" ind2=" ">
    <subfield code="a">Akilan, P</subfield>
  </datafield>
  <datafield tag="245" ind1="1" ind2="0">
    <subfield code="a">K&#x101;lattin&#x332; Vi&#x1E37;impu :</subfield>
    <subfield code="b">Y&#x101;l&#x332;pp&#x101;&#x1E47;attin&#x332; Marapurimaika&#x1E37;um Avatr&#x332;r&#x332;aip P&#x101;thuk&#x101;ttalum (patti el&#x332;uttukka&#x1E37;)</subfield>
  </datafield>
  <datafield tag="250" ind1=" " ind2=" ">
    <subfield code="a">Mutar&#x332;patippu.</subfield>
  </datafield>
  <datafield tag="260" ind1=" " ind2=" ">
    <subfield code="a">Jaffna</subfield>
    <subfield code="b">Pearu Publication</subfield>
    <subfield code="c">2015</subfield>
  </datafield>
  <datafield tag="300" ind1=" " ind2=" ">
    <subfield code="a">x, 109 p.,</subfield>
  </datafield>
  <datafield tag="650" ind1=" " ind2=" ">
    <subfield code="a">Inheritance</subfield>
  </datafield>
  <datafield tag="650" ind1=" " ind2=" ">
    <subfield code="a">Socio-politics</subfield>
  </datafield>
  <datafield tag="942" ind1=" " ind2=" ">
    <subfield code="c">L</subfield>
  </datafield>
  <datafield tag="952" ind1=" " ind2=" ">
    <subfield code="0">0</subfield>
    <subfield code="1">0</subfield>
    <subfield code="4">0</subfield>
    <subfield code="7">0</subfield>
    <subfield code="8">L</subfield>
    <subfield code="a">WERCL</subfield>
    <subfield code="b">WERCL</subfield>
    <subfield code="d">2025-02-24</subfield>
    <subfield code="l">0</subfield>
    <subfield code="o">954.931 AKI</subfield>
    <subfield code="p">6935</subfield>
    <subfield code="r">2025-02-24</subfield>
    <subfield code="w">2025-02-24</subfield>
    <subfield code="y">L</subfield>
  </datafield>
  <datafield tag="999" ind1=" " ind2=" ">
    <subfield code="c">5985</subfield>
    <subfield code="d">5985</subfield>
  </datafield>
</record>
